Spiritual direction and the care of souls : (Record no. 126812)
[ view plain ]
| 000 -LEADER | |
|---|---|
| fixed length control field | 02225cam a22002894a 4500 |
| 001 - CONTROL NUMBER | |
| control field | 13443483 |
| 003 - CONTROL NUMBER IDENTIFIER | |
| control field | ARRUPE |
| 005 - DATE AND TIME OF LATEST TRANSACTION | |
| control field | 20170829110905.0 |
| 008 - FIXED-LENGTH DATA ELEMENTS--GENERAL INFORMATION | |
| fixed length control field | 031223s2004 ilua b 001 0 eng |
| 010 ## - LIBRARY OF CONGRESS CONTROL NUMBER | |
| LC control number | 2003027944 |
| 020 ## - INTERNATIONAL STANDARD BOOK NUMBER | |
| International Standard Book Number | 0830827773 (alk. paper) |
| 040 ## - CATALOGING SOURCE | |
| Original cataloging agency | DLC |
| Transcribing agency | DLC |
| Modifying agency | DLC |
| 042 ## - AUTHENTICATION CODE | |
| Authentication code | pcc |
| 050 00 - LIBRARY OF CONGRESS CALL NUMBER | |
| Classification number | BV5053 |
| Item number | .S68 2004 |
| 082 00 - DEWEY DECIMAL CLASSIFICATION NUMBER | |
| Classification number | 253.5/3 |
| Edition number | 22 |
| 300 ## - PHYSICAL DESCRIPTION | |
| Dimensions | 23 cm. |
| 245 00 - TITLE STATEMENT | |
| Title | Spiritual direction and the care of souls : |
| Remainder of title | a guide to Christian approaches and practices / |
| Statement of responsibility, etc | edited by Gary W. Moon and David G. Benner. |
| 260 ## - PUBLICATION, DISTRIBUTION, ETC. (IMPRINT) | |
| Place of publication, distribution, etc | Downers Grove, Ill. : |
| Name of publisher, distributor, etc | Eagle Publishing |
| Date of publication, distribution, etc | c2004. |
| 300 ## - PHYSICAL DESCRIPTION | |
| Extent | 304 p. : |
| 504 ## - BIBLIOGRAPHY, ETC. NOTE | |
| Bibliography, etc | Includes bibliographical references and index. |
| 505 0# - FORMATTED CONTENTS NOTE | |
| Formatted contents note | Spiritual direction and Christian soul care / Gary W. Moon and David G. Benner -- Spiritual direction in the Orthodox Christian tradition / F. Gregory Rogers -- Spiritual direction in the Roman Catholic tradition / Gene Barrette -- Spiritual direction in the Episcopal tradition / Gray Temple -- Spiritual direction in the Reformed tradition / Ben Johnson -- Spiritual direction in the Wesleyan-Holiness tradition / Wesley D. Tracy -- Spiritual direction in the social justice tradition / Jerry A. Gladson -- Spiritual direction in the Pentecostal/charismatic tradition / Oliver McMahan -- Spiritual direction and psychotherapy : conceptual issues / Len Sperry -- Spiritual direction and psychotherapy : ethical issues / Siang-Yang Tan -- Spiritual direction and pastoral counseling / Israel Galindo -- Three voices, one song : perspectives on the care of persons from a psychologist, spiritual director, and pastoral counselor / Theresa Clement Tisdale, Carrie E. Doehring, and Veneta Lorraine-Poirier. |
| 650 #0 - SUBJECT ADDED ENTRY--TOPICAL TERM | |
| Topical term or geographic name as entry element | Spiritual direction. |
| 9 (RLIN) | 35333 |
| 700 1# - ADDED ENTRY--PERSONAL NAME | |
| Personal name | Moon, Gary W., |
| Dates associated with a name | 1956- |
| 9 (RLIN) | 35334 |
| 700 1# - ADDED ENTRY--PERSONAL NAME | |
| Personal name | Benner, David G. |
| 9 (RLIN) | 35335 |
| 856 41 - ELECTRONIC LOCATION AND ACCESS | |
| Materials specified | Table of contents |
| Uniform Resource Identifier | <a href="http://www.loc.gov/catdir/toc/ecip0412/2003027944.html">http://www.loc.gov/catdir/toc/ecip0412/2003027944.html</a> |
| 906 ## - LOCAL DATA ELEMENT F, LDF (RLIN) | |
| a | 7 |
| b | cbc |
| c | orignew |
| d | 1 |
| e | ecip |
| f | 20 |
| g | y-gencatlg |
| 942 ## - ADDED ENTRY ELEMENTS (KOHA) | |
| Source of classification or shelving scheme | Library of Congress Classification |
| Koha item type | Monograph ( Printed materials) |
| Withdrawn status | Lost status | Source of classification or shelving scheme | Damaged status | Not for loan | Collection code | Home library | Current library | Shelving location | Date acquired | Total Checkouts | Full call number | Barcode | Date last seen | Date checked out | Price effective from | Koha item type |
|---|---|---|---|---|---|---|---|---|---|---|---|---|---|---|---|---|
| Library of Congress Classification | Main Collection | ARRUPE LIBRARY | ARRUPE LIBRARY | Main Collection | 29/08/2017 | 1 | BX2350.7.S759 2004 | 46500022286 | 30/04/2018 | 26/04/2018 | 29/08/2017 | Monograph ( Printed materials) |